| 000 | 00813nam a22001937a 4500 | ||
|---|---|---|---|
| 003 | BD-DhUL | ||
| 005 | 20160921192335.0 | ||
| 008 | 160126s1980 bg |||| |||| 001 0 ben | ||
| 040 |
_aBD-DhUL _cBD-DhUL |
||
| 082 |
_a954.92 _bSHS |
||
| 100 | _aসফিয়্যুল্লাহ, আ. ফ. মুহম্মদ | ||
| 245 |
_aস্বাধীনতা ও স্বনির্ভরতা প্রসঙ্গ / _cআ. ফ. মুহাম্মদ সফিয়্যুল্লাহ |
||
| 260 |
_aঢাকা : _bইসলামিক ফাউন্ডেশন বাংলাদেশ _c১৯৮০. |
||
| 300 |
_a৬৪ পৃ. : _c২১ সেমি. |
||
| 365 |
_aBDT _b270 |
||
| 650 | _aবাংলাদেশ-ইতিহাস | ||
| 651 | 1 |
_aBangladesh _xHistory |
|
| 942 |
_2ddc _cBK |
||
| 999 |
_c105308 _d105308 |
||